Quizzes
Events
Quiz Creation
Community
Videos
Private Events
Remove Ads
Sign In
Join for FREE
Feedback
Dark Mode
Quiz Categories
Sports
Geography
Music
Movies
Television
Just For Fun
Miscellaneous
History
Literature
Language
Science
Gaming
Entertainment
Religion
Holiday
For Kids
Quiz Lab
Recent
Popular Today
Quiz Kudos Today
Editor Picks
Curator Picks
Quizzes by...
Day
Popularity
Type
Ratings
Length
Year
Community
Subscriptions
Recent Discussions
Orange Saloon
Badges
Playlists
Quests
Create
Leaderboards
Showdown
Live 5
Trivia Bingo
Activity
Puzzle Library
Sporcle Events
Private Events
Virtual Trivia
Globe League
Become a Host
Pub Owners
SporcleCon
Opinionation
Our Games
Videos
Blog
Mobile Apps
Partnerships
Remove Ads and Go Orange
Feedback
Geography
Country
Landmarks
City
State
Population
World
Capital
Continent
Flags
Europe
Africa
Asia
South America
North America
Oceania
Border
Canada
United Kingdom
Topography
United States
Geography
Country
Landmarks
City
State
Population
World
Capital
Continent
Flags
Europe
Africa
Asia
South America
North America
Oceania
Border
Canada
United Kingdom
Topography
United States
Random Quiz
Search Sporcle
×
Quiz Lab
Quiz Lab
Geography
United States
Type in answers that appear in a list
Type in answers that appear in a list
Classic
Best Score? Go Orange.
US National Monuments Stats
Can you name all the National Monuments in the United States?
By
CMIPalaeo
20m
130 Questions
257 Plays
257 Plays
257 Plays
Comments
Comments
Give Quiz Kudos
Give Quiz Kudos
-
- Ratings
hide this ad
Replay
Link that replays current quiz
Next Quiz
Link to next quiz in quiz playlist
You Got
0%
They Got
Avg Score
53%
Avg Friend Score
Upgrade to see
Score Distribution
Jump to the score distribution portion of the page
Score
0/130
Timer
20:00
0
Plays Today
State(s)
National Monument
% Correct
New Jersey/
New York
Statue of Liberty
73.9%
Colorado/
Utah
Dinosaur
70.8%
Wyoming
Devils Tower
70.4%
Arizona
Navajo
66.9%
Alabama
Russell Cave
65.8%
Colorado
Colorado
65.8%
Arizona
Tonto
65.4%
Arizona
Montezuma Castle
65%
Arizona
Canyon de Chelly
65%
Arizona
Walnut Canyon
63.4%
Arizona
Grand Canyon-Parashant
63.4%
Utah
Jurassic
62.8%
Idaho
Craters of the Moon
62.3%
Arizona
Organ Pipe Cactus
61.9%
Alabama
Birmingham Civil Rights
61.1%
Alabama
Freedom Riders
61.1%
Alaska
Misty Fjords
61.1%
California
Lava Beds
61.1%
Arizona
Casa Grande Ruins
60.7%
Arizona
Tuzigoot
60.7%
Arizona
Pipe Spring
60.7%
California
Devils Postpile
59.9%
Colorado/
Utah
Hovenweep
59.9%
Nebraska
Scotts Bluff
59.9%
Utah
Grand Staircase-Escalante
59.9%
Alaska
Aniakchak
59.5%
Arizona
Chiricahua
59.5%
Arizona
Wupatki
59.5%
Utah
Bears Ears
59.5%
Arizona
Sonoran Desert
59.1%
Alaska
Admiralty Island
58.8%
Arizona
Sunset Crater Volcano
58.8%
California
Muir Woods
58.8%
Utah
Rainbow Bridge
58.8%
Utah
Natural Bridges
58.8%
New Mexico
El Morro
58.4%
Utah
Cedar Breaks
58.4%
California
Sand To Snow
58%
Maryland
Fort McHenry
58%
New Mexico
Bandelier
58%
South Dakota
Jewel Cave
58%
Wyoming
Fossil Butte
58%
Alaska
Cape Krusenstern
57.6%
Colorado
Chimney Rock
57.6%
State(s)
National Monument
% Correct
New Mexico
Gila Cliff Dwellings
57.6%
Oregon
Oregon Caves
57.6%
Washington
Mount St. Helens Volcanic
57.6%
California
Giant Sequoia
57.2%
Colorado
Canyons of the Ancients
57.2%
Oregon
John Day Fossil Beds
57.2%
Arizona
Agua Fria
56.8%
Arizona
Ironwood Forest
56.4%
California
Cabrillo
55.6%
New Mexico
El Malpais
55.6%
Utah
Timpanogos Cave
55.6%
California
Tule Lake
55.3%
Arizona
Hohokam Pima
55.3%
Iowa
Effigy Mounds
55.3%
Minnesota
Pipestone
55.3%
Arizona
Vermilion Cliffs
54.5%
Colorado
Yucca House
54.5%
New Mexico
Capulin Volcano
54.5%
Virginia
George Washington Birthplace
54.5%
Nebraska
Agate Fossil Beds
54.1%
New Mexico
Petroglyph
54.1%
New York
Castle Clinton
54.1%
Colorado
Florissant Fossil Beds
53.7%
Idaho
Hagerman Fossil Beds
53.3%
Montana
Little Bighorn Battlefield
53.3%
New Mexico
Aztec Ruins
53.3%
Florida
Fort Matanzas
52.9%
Alaska
Aleutian Islands World War II
52.9%
Nebraska
Homestead
52.5%
California/
Oregon
Cascade-Siskiyou
52.5%
Washington
San Juan Islands
52.5%
Georgia
Fort Pulaski
52.1%
Nevada
Gold Butte
52.1%
American Samoa
Rose Atoll Marine
51.8%
New York
Fort Stanwix
51.8%
New Mexico
Fort Union
51.4%
Minnesota
Grand Portage
51%
Missouri
George Washington Carver
51%
Washington
Hanford Reach
51%
California
California Coastal
50.6%
Colorado
Browns Canyon
50.6%
New York
African Burial Ground
50.6%
Texas
Alibates Flint Quarries
50.6%
Oregon
Newberry Volcanic
50.2%
State(s)
National Monument
% Correct
California
Mojave Trails
49.8%
Florida
Castillo de San Marcos
49.8%
Montana
Upper Missouri River Breaks
49.8%
New York
Governors Island
49.8%
Illinois
Pullman
49.4%
Louisiana
Poverty Point
49.4%
Guam/
Northern Mariana Islands
Marianas Trench Marine
49.4%
Nevada
Basin and Range
49%
New Mexico
Salinas Pueblo Missions
49%
California
Carrizo Plain
48.2%
Virginia
Booker T. Washington
48.2%
New York
Stonewall
47.5%
California
César E. Chávez
47.1%
Kentucky
Camp Nelson Heritage
46.8%
Georgia
Fort Frederica
46.7%
Montana
Pompeys Pillar
46.7%
California
Castle Mountains
46.3%
Texas
Waco Mammoth
46.3%
Nevada
Tule Springs Fossil Beds
45.9%
California
Berryessa Snow Mountain
45.5%
US Virgin Islands
Buck Island Reef
45.5%
US Virgin Islands
Virgin Islands Coral Reef
44.7%
California
Saint Francis Dam Disaster
44.7%
California
San Gabriel Mountains
44.4%
California
Fort Ord
44.4%
Maine
Katahdin Woods and Waters
44.4%
New Mexico
Río Grande del Norte
44.4%
Ohio
Charles Young Buffalo Soldiers
44%
New Mexico
Prehistoric Trackways
43.2%
Virginia
Fort Monroe
43.2%
Maryland
Harriet Tubman Underground Railroad
42.8%
Atlantic Ocean
Northeast Canyons and Seamounts Marine
42.4%
California
Santa Rosa and San Jacinto Mountains
42%
Mississippi
Medgar and Myrlie Evers Home
41.5%
District of Columbia
President Lincoln and Soldiers' Home
41.2%
New Mexico
Organ Mountains-Desert Peaks
40.9%
US Minor Outlying Islands
Pacific Remote Islands Marine
40.9%
District of Columbia
Belmont-Paul Women's Equality
40.5%
Kentucky
Mill Springs Battlefield
38.3%
New Mexico
Kasha-Katuwe Tent Rocks
38.1%
Texas
Military Working Dog Teams
37.4%
Hawaii/
US Minor Outlying Islands
Papahānaumokuākea Marine
30.7%
Quiz Playlist
Details
Report
Send in Message
Add To Playlist
Classic:
Type in answers that appear in a list
Last Updated: May 8, 2017
Quiz Scoreboard
CHALLENGE
Sign Up to Join the Scoreboard
Show All
Scores
Hide
Comments
May contain spoilers
Recently Published
Presidents Visiting Landmarks
by Hejman
History
7m
An Introduction to Baseball
by treessimontrees
Sports
5m
Movies - When Are They Set?
by FPL_Elf
Movies
5m
More to Explore
Quiz From the Vault
Featured Blog Post
Where Did the Easter Bunny Come From?
hide this ad
You Might Also Like...
Tags
Geology Quiz
United States Quiz
National Monuments
National Parks
Natural World
nature
nps
outdoor
US History
Wilderness
Wildlife
Today's Top Quizzes in Geography
Browse Geography
hide this ad
Today's Top Quizzes in United States
Browse United States
Top Contributed Quizzes in Geography
1
Countries of the World - No Outlines Minefield
2
Top 25 Cities of France on a map
3
Any capital of a 'B' country per Continent
4
Closest Countries to UK A-Z
5
Any capital of a 'C' country per Continent
6
One Thing in Common: United Kingdom
7
Any capital of a 'D' country per Continent
8
5-to-1: US Geography No Hints
9
Any capital of an 'E' country per Continent
10
Find the Provinces of Canada - No Outlines Minefield
Explore More
Trending Topics
Disney
Anime
Harry Potter
Kpop
Crossword
Marvel
NBA
The Office
Song
WWE
Soccer
Puzzle
Country
Pokémon
NFL
hide this ad
More By:
CMIPalaeo
Quiz
Plays
Rating
Category
Featured
Created
Small Carnivorans Slideshow
13,366
4.44
Science
Feb 9, 2017
One-Second Beatles
4,656
4.55
Music
Jul 8, 2015
Doctor Who or The Twilight Zone?
2,721
4.50
Television
Jan 18, 2016
Steven Universe Gem Fusions
2,675
4.88
Television
Jul 18, 2015
Geologic Time Multiple Choice
2,675
3.33
Science
Sep 7, 2016
Go to Creator's Profile
Score Distribution
Quiz Creator Spotlight
CMIPalaeo
Follow
Send a Message
Quizzes Created
-
Created Quiz Play Count
-
More By This Creator
Popular Quizzes Today
1
Find the US States - No Outlines Minefield
2
Find the Countries of Europe - No Outlines Minefield
3
The Countries of the World
4
Find the US States
5
Popular People in 1961
6
US States
7
Risky Map Clicking: Biggest States A-Z
8
Movies - When Are They Set?
More Geography Quizzes
Continents and Oceans
Quiz Lab
Trending Quizzes
Risky Map Clicking: Least Populous States A-Z
1-10 Letter G Words
1-10 Letter F Words
Risky Map Clicking: Next State Alphabetically
Risky Map Clicking: Biggest States A-Z
Recently Updated
Leaping Animals
pecheneg
Reality TV Shows (A-Z)
bhenderson79
Rickey Henderson's Hall of Fame Teammates
pecheneg
Champions League XIs: Arsenal
pecheneg
Quick Pick: Celebrities in WWE's Hall of Fame
aduchscher
A-Z Keypad Blitz II
pecheneg
Multiple Oscar Actors
pecheneg
Mystery Phrase Blitz: Oscar 'Best Actors'
pecheneg
F. Scott Fitzgerald Novels
LTH
Pick 3 Villains
ddd62291
Trending Topics
NBA
Marvel
Crossword
Disney
Harry Potter
Kpop
Anime
Puzzle
Song
Country
WWE
The Office
NFL
Soccer
Pokémon
Your Account Isn't Verified!
In order to create a playlist on Sporcle, you need to verify the email address you used during registration. Go to your
Sporcle Settings
to finish the process.
Report this User
Report this user for behavior that violates our
Community Guidelines
.
Details:
Send Report
Go to the Sporcle.com Mobile Site →
Comments